El mundo carnavalesco y el plurilingüísmo en las Metamorfósis de Apuleyo

Gorde:
Xehetasun bibliografikoak
Egile nagusia: Rojas Rodríguez, Irene
Formatua: Liburua
Hizkuntza:Undetermined
Argitaratua: San José, Costa Rica Universidad de Costa Rica, Facultad de Letras, Escuela de Filología, Lingüística y Literatura 1999
Gaiak:
Etiketak: Etiketa erantsi
Etiketarik gabe, Izan zaitez lehena erregistro honi etiketa jartzen!

MARC

LEADER 00000nam a2200000Ia 4500
008 170316s9999 xx 000 0 und d
040 |a cru BVZT 
090 |a TESIS 583 
100 |a Rojas Rodríguez, Irene 
245 |a El mundo carnavalesco y el plurilingüísmo en las Metamorfósis de Apuleyo 
260 |a San José, Costa Rica 
260 |b Universidad de Costa Rica, Facultad de Letras, Escuela de Filología, Lingüística y Literatura 
260 |c 1999 
300 |a 363 páginas 
650 |a LICENCIATURA EN FILOLOGÍA CLÁSICA 
650 |a TRABAJO FINAL DE GRADUACIÓN 
999 |c 14231  |d 14231 
942 |c TFG  |h TESIS 583  |2 z